Coats of Arms of Europe Quiz - Statistics

General Stats
  • This quiz has been taken 4,279 times
    2,233 since last reset
  • The average score is 33 of 45
Answer Stats
Picture Answer % Correct
Italy
99%
Albania
97%
Portugal
96%
Switzerland
96%
Iceland
95%
Kosovo
95%
Malta
95%
Bosnia and Herzegovina
94%
Croatia
94%
Germany
94%
Greece
94%
Slovakia
93%
Spain
93%
Austria
92%
Belarus
90%
Ireland
87%
United Kingdom
86%
San Marino
84%
Slovenia
82%
Ukraine
82%
Poland
79%
Vatican City
78%
France
77%
Hungary
76%
Belgium
74%
Moldova
74%
Serbia
74%
Andorra
73%
Russia
71%
Netherlands
64%
Sweden
63%
Montenegro
62%
Romania
61%
Bulgaria
57%
Lithuania
52%
Luxembourg
52%
Czech Republic
49%
Norway
48%
Denmark
47%
Finland
47%
Monaco
47%
North Macedonia
44%
Estonia
43%
Liechtenstein
43%
Latvia
41%
No matching quizzes found
Score Distribution
Percent of People with Each Score
Percentile by Number Answered
Your Score History
You have not taken this quiz since the last reset